000 01497nam0a2200385 4500
001 RU\NLR\bibl\432060
005 20250622181037.0
010 _a5-89817-063-4
_91500
021 _aRU
_b2003-30553
_91438
035 _a(NLR Aleph) 000425902
090 _a724208
_c724208
100 _a20030805d2003 |||y0rusy50 ca
101 0 _arus
102 _aRU
105 _ay |||||||||
200 1 _aСекреты фортепианного мастерства
_eМысли и афоризмы выдающихся музыкантов
_f[Сост. Н. Енукидзе, В. Есаков]
210 _aМ.
_cКлассика-XXI
_d2003
215 _a146, [2] с.
_d14
300 _aЗагл. обл.: Мысли и афоризмы выдающихся музыкантов
320 _aБиблиогр.: с. 143-146
512 1 _aМысли и афоризмы выдающихся музыкантов
606 0 _aМузыка
_jСборники
_xАфоризмы
_92550940
_3RU\NLR\AUTH\661509486
610 0 _aФортепьянное исполнительство
675 _a78(082.2)
_v3
_zrus
686 _a18.41
_2rugasnti
686 _a85.31
_2rubbk
686 _aЩ31я438
702 1 _4220
_7ca
_8rus
_aЕнукидзе
_bН. И.
_gНатэла Исидоровна
_9186295
_3RU\NLR\AUTH\770186346
801 0 _aRU
_bRKP
_c20030805
_gPSBO
801 1 _aRU
_bRKP
_c20030805
801 2 _aRU
_bNLR
_c20030919
_grcr
942 _cBOOK
980 _aNB